La empresa una red de transformaciones. Un nuevo enfoque de la organización
Enregistré dans:
| Auteurs principaux: | , |
|---|---|
| Format: | Livre |
| Langue: | espagnol |
| Publié: |
Santiago, Chile
Cono Sur
1998
|
| Sujets: | |
| Accès en ligne: | Disponible Online |
| Tags: |
Ajouter un tag
Pas de tags, Soyez le premier à ajouter un tag!
|
MARC
| LEADER | 00000nam a2200000 a 4500 | ||
|---|---|---|---|
| 001 | UCP5181 | ||
| 003 | CL-VaPUC | ||
| 005 | 20241104143757.0 | ||
| 008 | 990903e19980000CL |||||||||||||||||spa|d | ||
| 999 | |c 282973 |d 282971 | ||
| 020 | |a 9562381854 | ||
| 040 | |c Pontificia Universidad Católica de Valparaíso | ||
| 082 | 0 | 4 | |a 658 LIM 1998 |2 21 |
| 100 | |a Limone Aravena, Aquiles Francisco |e autor |9 757153 | ||
| 245 | 1 | 3 | |a La empresa una red de transformaciones. |b Un nuevo enfoque de la organización |
| 260 | |a Santiago, Chile |b Cono Sur |c 1998 | ||
| 300 | |a 119 páginas | ||
| 583 | |a last modification |c 20120515 05:07:02 |k Rodrigo Vera | ||
| 650 | 0 | |a Organizaciones |9 337993 | |
| 650 | 0 | |a Gestión de la producción |9 259467 | |
| 650 | 0 | |a Gestión de empresas |9 433832 | |
| 700 | 0 | |a Cademártori Rosso, David Ernesto |e author |9 433350 | |
| 856 | |u http://bibliografiadigital.pucv.cl.pucv.idm.oclc.org/index.php/bibliotecapucv/catalog/book/540 |y Disponible Online | ||
| 942 | |c BK |2 ddc | ||
| 945 | |d 19990903 00:00:00 |a rbrito | ||
| 952 | |0 0 |1 0 |4 0 |6 658_000000000000000_LIM_1998 |7 0 |8 R |9 325677 |a BIBGIM |b BIBGIM |d 2019-11-20 |i 3555887 |o 658 LIM 1998 |p 3555887 |r 2025-01-15 |w 2019-11-20 |y BK_R |k COM | ||
| 952 | |0 0 |1 0 |4 0 |6 658_000000000000000_LIM_1998 |7 0 |8 R |9 325678 |a BIBGIM |b BIBGIM |d 2019-11-20 |i 3555895 |o 658 LIM 1998 |p 3555895 |r 2025-01-15 |w 2019-11-20 |y BK_R |k COM | ||
| 952 | |0 0 |1 0 |4 0 |6 658_000000000000000_LIM_1998 |7 0 |8 R |9 325679 |a BIBGIM |b BIBGIM |d 2019-11-20 |i 3555909 |o 658 LIM 1998 |p 3555909 |r 2025-01-15 |w 2019-11-20 |y BK_R |k COM | ||
| 952 | |0 0 |1 0 |4 0 |6 658_000000000000000_LIM_1998 |7 0 |8 R |9 325680 |a BIBENE |b BIBENE |d 2019-11-20 |i 3529371 |l 2 |o 658 LIM 1998 |p 3529371 |r 2025-01-15 |s 2024-10-07 |w 2019-11-20 |y BK_R |k ICO | ||
| 952 | |0 0 |1 0 |4 0 |6 658_000000000000000_LIM_1998 |7 0 |8 R |9 325681 |a BIBGIM |b BIBGIM |d 2019-11-20 |i 3535142 |o 658 LIM 1998 |p 3535142 |r 2025-01-15 |w 2019-11-20 |y BK_R |k GIM | ||
| 952 | |0 0 |1 0 |4 0 |6 658_000000000000000_LIM_1998 |7 0 |8 R |9 325682 |a BIBGIM |b BIBGIM |d 2019-11-20 |i 3565793 |l 2 |m 3 |o 658 LIM 1998 |p 3565793 |q 2023-03-14 |r 2021-10-26 |s 2021-10-26 |w 2019-11-20 |y BK_R |k COM | ||
| 952 | |0 0 |1 0 |4 0 |6 658_000000000000000_LIM_1998 |7 0 |8 R |9 325683 |a BIBGIM |b BIBGIM |d 2019-11-20 |i 3899322 |l 1 |o 658 LIM 1998 |p 3899322 |r 2025-01-15 |s 2024-01-25 |w 2019-11-20 |y BK_R |k COM | ||
| 952 | |0 0 |1 0 |4 0 |6 658_000000000000000_LIM_1998 |7 0 |8 R |9 325684 |a BIBGIM |b BIBGIM |d 2019-11-20 |i 3899330 |o 658 LIM 1998 |p 3899330 |r 2025-01-15 |w 2019-11-20 |y BK_R |k GIM | ||
| 952 | |0 0 |1 0 |4 0 |6 658_000000000000000_LIM_1998 |7 0 |8 R |9 325685 |a BIBGIM |b BIBGIM |d 2019-11-20 |i 390198K |l 1 |o 658 LIM 1998 |p 390198K |r 2025-04-09 |s 2025-04-07 |w 2019-11-20 |y BK_R |k GIM | ||
| 952 | |0 0 |1 0 |4 0 |6 658_000000000000000_LIM_1998 |7 0 |8 R |9 325686 |a BIBGIM |b BIBGIM |d 2019-11-20 |i 3901998 |o 658 LIM 1998 |p 3901998 |r 2025-01-15 |w 2019-11-20 |y BK_R |k GIM | ||
| 952 | |0 0 |1 0 |4 0 |6 658_000000000000000_LIM_1998 |7 0 |8 R |9 325687 |a BIBGIM |b BIBGIM |d 2019-11-20 |i 3936813 |o 658 LIM 1998 |p 3936813 |r 2025-01-15 |w 2019-11-20 |y BK_R |k COM | ||
| 952 | |0 0 |1 0 |4 0 |6 658_000000000000000_LIM_1998 |7 0 |8 R |9 325688 |a BIBGIM |b BIBGIM |d 2019-11-20 |i 3936821 |o 658 LIM 1998 |p 3936821 |r 2025-01-15 |w 2019-11-20 |y BK_R |k COM | ||
| 952 | |0 0 |1 0 |4 0 |6 658_000000000000000_LIM_1998 |7 0 |8 R |9 325689 |a BIBGIM |b BIBGIM |d 2019-11-20 |i 393683K |o 658 LIM 1998 |p 393683K |r 2025-01-15 |w 2019-11-20 |y BK_R |k COM | ||
| 952 | |0 0 |1 0 |4 0 |6 658_000000000000000_LIM_1998 |7 0 |8 R |9 325690 |a BIBGIM |b BIBGIM |d 2019-11-20 |i 3936848 |o 658 LIM 1998 |p 3936848 |r 2025-01-15 |w 2019-11-20 |y BK_R |k COM | ||
| 952 | |0 0 |1 2 |4 0 |6 658_000000000000000_LIM_1998 |7 0 |8 R |9 325691 |a BIBGIM |b BIBGIM |d 2019-11-20 |i 3936856 |o 658 LIM 1998 |p 3936856 |r 2019-11-20 |w 2019-11-20 |y BK_R |k COM | ||
| 952 | |0 0 |1 0 |4 0 |6 658_000000000000000_LIM_1998 |7 0 |8 R |9 325692 |a BIBGIM |b BIBGIM |d 2019-11-20 |i 4036182 |o 658 LIM 1998 |p 4036182 |r 2025-01-15 |w 2019-11-20 |y BK_R |k COM | ||
| 952 | |0 0 |1 0 |4 0 |6 658_000000000000000_LIM_1998 |7 0 |8 R |9 325693 |a BIBGIM |b BIBGIM |d 2019-11-20 |i 4036190 |o 658 LIM 1998 |p 4036190 |r 2025-01-15 |w 2019-11-20 |y BK_R |k COM | ||
| 952 | |0 0 |1 0 |4 0 |6 658_000000000000000_LIM_1998 |7 0 |8 R |9 325694 |a BIBGIM |b BIBGIM |d 2019-11-20 |i 4036204 |o 658 LIM 1998 |p 4036204 |r 2025-01-15 |w 2019-11-20 |y BK_R |k COM | ||
| 952 | |0 0 |1 0 |4 0 |6 658_000000000000000_LIM_1998 |7 0 |8 R |9 325695 |a BIBGIM |b BIBGIM |d 2019-11-20 |i 4036212 |o 658 LIM 1998 |p 4036212 |r 2024-01-16 |w 2019-11-20 |y BK_R |k COM | ||
| 952 | |0 0 |1 0 |4 0 |6 658_000000000000000_LIM_1998 |7 0 |8 R |9 325696 |a BIBGIM |b BIBGIM |d 2019-11-20 |i 4036220 |o 658 LIM 1998 |p 4036220 |r 2025-01-15 |w 2019-11-20 |y BK_R |k COM | ||
| 952 | |0 0 |1 0 |4 0 |6 658_000000000000000_LIM_1998 |7 0 |8 R |9 325697 |a BIBGIM |b BIBGIM |d 2019-11-20 |i 4036239 |o 658 LIM 1998 |p 4036239 |r 2025-01-15 |w 2019-11-20 |y BK_R |k COM | ||
| 952 | |0 0 |1 0 |4 0 |6 658_000000000000000_LIM_1998 |7 0 |8 R |9 325698 |a BIBGIM |b BIBGIM |d 2019-11-20 |i 4036247 |o 658 LIM 1998 |p 4036247 |r 2025-01-15 |w 2019-11-20 |y BK_R |k COM | ||
| 952 | |0 0 |1 0 |4 0 |6 658_000000000000000_LIM_1998 |7 0 |8 A |9 325699 |a BIBDER |b BIBDER |d 2019-11-20 |i 4041836 |o 658 LIM 1998 |p 4041836 |r 2023-01-25 |w 2019-11-20 |y BK |k DER | ||
| 952 | |0 0 |1 0 |4 0 |6 658_000000000000000_LIM_1998 |7 0 |8 A |9 325700 |a BIBDER |b BIBDER |d 2019-11-20 |i 4684753 |o 658 LIM 1998 |p 4684753 |r 2023-01-25 |w 2019-11-20 |y BK |k DER | ||